Effectif Cap-Vert - Coupe du monde 2026 - Statistiques

Statistiques générales
  • Ce quiz a été pris 4 fois
  • Le résultat moyen est 6 sur 27
Statistiques - réponses
Poste Club Numéro Joueur % Correct
Défenseur FCSB 8 João Paulo Fernandes
50%
Défenseur Villarreal CF 5 Logan Costa
50%
Attaquant Basaksehir FC 21 Nuno da Costa
50%
Attaquant Igdir FK 20 Ryan Mendes
50%
Attaquant Omonia Nicosie 17 Willy Semedo
50%
Milieu SC Farense 16 Yannick Semedo
50%
Sélectionneur - - Bubista
25%
Gardien San Diego FC 23 Carlos Santos
25%
Milieu Ludogorets Razgrad 14 Deroy Duarte
25%
Attaquant Apollon Limassol 11 Garry Rodrigues
25%
Attaquant Maccabi Tel Aviv 26 Hélio Varela
25%
Milieu PEC Zwolle 10 Jamiro Monteiro
25%
Attaquant CF Estrela Amadora 7 Jovane Cabral
25%
Milieu Puskás Akadémia FC 15 Laros Duarte
25%
Défenseur Shamrock Rovers 4 Pico
25%
Défenseur SL Benfica 13 Sidny Cabral
25%
Attaquant Casa Pia AC 19 Dailon Livramento
0%
Défenseur Al-Bataeh CSC 3 Diney
0%
Attaquant Akron Togliatti 9 Gilson Benchimol
0%
Défenseur SJK Seinäjoki 25 Kelvin Pires
0%
Milieu FK Krasnodar 6 Kevin Pina
0%
Gardien Montana 12 Márcio da Rosa
0%
Défenseur Columbus Crew 22 Steven Moreira
0%
Défenseur SC União Torreense 2 Stopira
0%
Milieu Vitória Guimarães SC 18 Telmo Arcanjo
0%
Gardien GD Chaves 1 Vozinha
0%
Défenseur Trabzonspor 24 Wagner Pina
0%
Aucun quiz correspondant
Distribution des résultats
% des personnes avec chaque résultat
Percentile par nombre de réponses
Votre historique - résultats
Vous n’avez pas pris ce quiz